C/Temp/ (Record no. 2891)

MARC details
000 -LEADER
campo de control de longitud fija 00512nam a2200169 4500
003 - IDENTIFICADOR DE NÚMERO DE CONTROL
campo de control OSt
005 - FECHA Y HORA DE LA ÚLTIMA TRANSACCIÓN
campo de control 20230125160314.0
008 - DATOS DE LONGITUD FIJA--INFORMACIÓN GENERAL
campo de control de longitud fija 221117b |||||||| |||| 00| 0 eng d
040 ## - FUENTE DE CATALOGACIÓN
Centro/agencia transcriptor Biblioteca Lado V
082 ## - NÚMERO DE LA CLASIFICACIÓN DECIMAL DEWEY
Número de clasificación 700
Número de ítem B241c
100 ## - ENTRADA PRINCIPAL--NOMBRE DE PERSONA
9 (RLIN) 622
Nombre de persona Barbuzza, Tite
Término indicativo de función/relación autor
245 ## - MENCIÓN DEL TÍTULO
Título C/Temp/
Resto del título Arte Contemporáneo Mendocino/
260 ## - PUBLICACIÓN, DISTRIBUCIÓN, ETC.
Nombre del editor, distribuidor, etc. Fundación del Interior
Lugar de publicación, distribución, etc. Argentina
300 ## - DESCRIPCIÓN FÍSICA
Dimensiones 22x22cm
Otras características físicas Posterdoblado
700 ## - ENTRADA AGREGADA--NOMBRE PERSONAL
Nombre de persona Frerot, Christine
Término indicativo de función/relación autor
9 (RLIN) 454
942 ## - ELEMENTOS DE ENTRADA SECUNDARIOS (KOHA)
Fuente del sistema de clasificación o colocación Clasificación Decimal Dewey
Tipo de ítem Koha Libros
Parte de la signatura que corresponde a la clasificación (Parte de la clasificación) 700
Parte de la signatura que identifica el ejemplar (Parte del ítem) B241c
Suprimir en OPAC No
Holdings
Estatus retirado Estado de pérdida Fuente del sistema de clasificación o colocación Estado de daño No para préstamo Biblioteca de origen Biblioteca actual Fecha de adquisición Número de inventario Total de préstamos Signatura topográfica completa Código de barras Visto por última vez Precio de reemplazo Tipo de ítem Koha
    Clasificación Decimal Dewey     Biblioteca LadoV Biblioteca LadoV 25/01/2023 005072   700 B241c 005072 25/01/2023 25/01/2023 Libros